<?xml version="1.0" encoding="UTF-8"?>
<record
    xmlns:xsi="http://www.w3.org/2001/XMLSchema-instance"
    xsi:schemaLocation="http://www.loc.gov/MARC21/slim http://www.loc.gov/standards/marcxml/schema/MARC21slim.xsd"
    xmlns="http://www.loc.gov/MARC21/slim">

  <leader>00394nam a2200157Ia 4500</leader>
  <controlfield tag="008">191201s2019    xx            000 0 und d</controlfield>
  <datafield tag="022" ind1=" " ind2=" ">
    <subfield code="a">9789385529030</subfield>
  </datafield>
  <datafield tag="082" ind1=" " ind2=" ">
    <subfield code="a">547 KAO</subfield>
  </datafield>
  <datafield tag="100" ind1=" " ind2=" ">
    <subfield code="a">KAPOOR, VK</subfield>
  </datafield>
  <datafield tag="245" ind1=" " ind2="0">
    <subfield code="a">Organic Pharmaceutical Chemistry</subfield>
  </datafield>
  <datafield tag="250" ind1=" " ind2=" ">
    <subfield code="a">6th</subfield>
  </datafield>
  <datafield tag="260" ind1=" " ind2=" ">
    <subfield code="b">Vallabh pub</subfield>
    <subfield code="a">New Delhi</subfield>
    <subfield code="c">2019</subfield>
  </datafield>
  <datafield tag="300" ind1=" " ind2=" ">
    <subfield code="a">504</subfield>
  </datafield>
  <datafield tag="650" ind1=" " ind2=" ">
    <subfield code="a">Pharmaceutical organic Chemistry</subfield>
  </datafield>
  <datafield tag="942" ind1=" " ind2=" ">
    <subfield code="2">ddc</subfield>
    <subfield code="c">BK</subfield>
  </datafield>
  <datafield tag="999" ind1=" " ind2=" ">
    <subfield code="c">8226</subfield>
    <subfield code="d">8226</subfield>
  </datafield>
  <datafield tag="952" ind1=" " ind2=" ">
    <subfield code="0">0</subfield>
    <subfield code="1">0</subfield>
    <subfield code="2">ddc</subfield>
    <subfield code="4">0</subfield>
    <subfield code="7">0</subfield>
    <subfield code="8">DP</subfield>
    <subfield code="a">PIET</subfield>
    <subfield code="b">PIET</subfield>
    <subfield code="d">2019-03-25</subfield>
    <subfield code="e">Kirti Prakashan</subfield>
    <subfield code="g">300.00</subfield>
    <subfield code="k">IN 3049</subfield>
    <subfield code="l">1</subfield>
    <subfield code="o">547 KAO</subfield>
    <subfield code="p">DP120</subfield>
    <subfield code="r">2020-08-21 00:00:00</subfield>
    <subfield code="s">2020-07-27</subfield>
    <subfield code="v">243.00</subfield>
    <subfield code="w">2019-03-08</subfield>
    <subfield code="y">REF</subfield>
  </datafield>
  <datafield tag="952" ind1=" " ind2=" ">
    <subfield code="0">0</subfield>
    <subfield code="1">0</subfield>
    <subfield code="2">ddc</subfield>
    <subfield code="4">0</subfield>
    <subfield code="7">0</subfield>
    <subfield code="8">DP</subfield>
    <subfield code="a">PIET</subfield>
    <subfield code="b">PIET</subfield>
    <subfield code="c">R03</subfield>
    <subfield code="d">2019-03-25</subfield>
    <subfield code="e">Kirti Prakashan</subfield>
    <subfield code="g">300.00</subfield>
    <subfield code="k">IN 3049</subfield>
    <subfield code="l">1</subfield>
    <subfield code="o">547 KAO</subfield>
    <subfield code="p">DP121</subfield>
    <subfield code="r">2020-08-21 00:00:00</subfield>
    <subfield code="s">2020-08-14</subfield>
    <subfield code="v">243.00</subfield>
    <subfield code="w">2019-03-08</subfield>
    <subfield code="y">BK</subfield>
  </datafield>
  <datafield tag="952" ind1=" " ind2=" ">
    <subfield code="0">0</subfield>
    <subfield code="1">0</subfield>
    <subfield code="2">ddc</subfield>
    <subfield code="4">0</subfield>
    <subfield code="7">0</subfield>
    <subfield code="8">DP</subfield>
    <subfield code="a">PIET</subfield>
    <subfield code="b">PIET</subfield>
    <subfield code="d">2019-03-25</subfield>
    <subfield code="e">Kirti Prakashan</subfield>
    <subfield code="g">300.00</subfield>
    <subfield code="k">IN 3049</subfield>
    <subfield code="l">2</subfield>
    <subfield code="o">547 KAO</subfield>
    <subfield code="p">DP122</subfield>
    <subfield code="r">2025-07-04 00:00:00</subfield>
    <subfield code="s">2025-06-16</subfield>
    <subfield code="v">243.00</subfield>
    <subfield code="w">2019-03-08</subfield>
    <subfield code="y">BK</subfield>
  </datafield>
  <datafield tag="952" ind1=" " ind2=" ">
    <subfield code="0">0</subfield>
    <subfield code="1">0</subfield>
    <subfield code="2">ddc</subfield>
    <subfield code="4">0</subfield>
    <subfield code="7">0</subfield>
    <subfield code="8">DP</subfield>
    <subfield code="a">PIET</subfield>
    <subfield code="b">PIET</subfield>
    <subfield code="d">2019-03-25</subfield>
    <subfield code="e">Kirti Prakashan</subfield>
    <subfield code="g">300.00</subfield>
    <subfield code="k">IN 3049</subfield>
    <subfield code="l">4</subfield>
    <subfield code="o">547 KAO</subfield>
    <subfield code="p">DP123</subfield>
    <subfield code="r">2022-12-02 00:00:00</subfield>
    <subfield code="s">2022-01-04</subfield>
    <subfield code="v">243.00</subfield>
    <subfield code="w">2019-03-08</subfield>
    <subfield code="y">BK</subfield>
  </datafield>
</record>
